000 00851nam a2200289 i 4500
001 000005691
003 DO-SdBNP
005 20250110140337.0
007 ta
008 090821t2008 dr 000 f spa d
020 _a9789993456919
040 _aDO-SdBNP
_bspa
_cBNPHU
_erda
082 4 _aPR863.44
_bC115t
_222
100 1 _aCabiya, Pedro,
_d1971-
_eautor
_4aut.
_916077
245 1 0 _aTrance /
_cPedro Cabiya.
264 4 _aSanto Domingo :
_bEditora Norma,
_c2008.
300 _a132 páginas ;
_c22 cm.
336 _atexto
_btxt
_2rdadcontent
337 _asin mediación
_bn
_2rdamedia
338 _avolumen
_bnc
_2rdacarrier
490 1 _aZona libre
590 _aInventariado, 2020/YL
650 4 _aNovela puertorriqueña
_91185
650 4 _aLiteratura puertorriqueña
_9250
910 _aValidado. Control de calidad EMS.
942 _2ddc
_cLBS1
999 _c5488
_d5488